United States Geography On A Map - Statistics

General Stats
  • This quiz has been taken 708 times
    330 since last reset
  • The average score is 111 of 307
Answers on the Map
Answers color-coded by a green-red scale on the quiz's map according to % correct below.
 
Answer Stats
Answer % Correct
state Oregon
92%
bay Gulf of Alaska
91%
state Montana
91%
state Alabama
90%
state Alaska
90%
state Colorado
90%
river Colorado River
90%
island Florida Peninsula
90%
state Indiana
90%
state Louisiana
90%
river Mississippi River
90%
state Missouri
90%
river Missouri River
90%
state Wisconsin
90%
state North Carolina
89%
state Pennsylvania
89%
state Arizona
88%
bay | lake Lake Michigan
88%
state New Hampshire
88%
mountainrange Rocky Mountains
88%
city Dallas
86%
city Houston
86%
city New York
86%
mountainrange Appalachian Mountains
85%
city Miami
85%
city Chicago
84%
city San Francisco
84%
city Seattle
82%
bay Lake Erie
81%
city Los Angeles
81%
city Orlando
81%
city Atlanta
80%
city Boston
80%
city Jackson
80%
city Washington DC
80%
city New Orleans
79%
state Hawaii
78%
city Philadelphia
78%
city San Diego
78%
bay San Francisco Bay
78%
bay Atlantic Ocean
77%
city Detroit
77%
city Portland
77%
island Upper Peninsula (Michigan)
77%
city Phoenix
76%
bay Pacific Ocean
75%
city Columbus
74%
river Grand River
74%
city Indianapolis
74%
city Jacksonville
74%
bay Lake Ontario
74%
island Long Island
74%
bay Gulf of Mexico
73%
city Cincinnati
72%
river Ohio River
72%
city San Antonio
72%
city Cleveland
71%
city Anchorage
70%
city Baltimore
70%
lake Great Salt Lake
70%
city Honolulu
70%
city Oklahoma City
70%
river Rio Grande River
70%
nationalpark Yellowstone National Park
70%
city Kansas City
69%
city Boise
68%
nationalpark Everglades National Park
68%
city Minneapolis
68%
mountain Mt. Denali
68%
mountain Mt. Washington
68%
city Nashville
68%
river Arkansas River
67%
city Denver
67%
city Las Vegas
67%
city Little Rock
66%
city Milwaukee
66%
city Pittsburgh
66%
city Omaha
65%
city Charleston
64%
river Columbia River
63%
nationalpark Denali National Park
63%
city Salt Lake City
63%
city St. Louis
63%
city Savannah
62%
city Charlotte
61%
city Mobile
61%
city Richmond
61%
city Tucson
61%
desert Mojave Desert
60%
city Montgomery
60%
city El Paso
59%
river Hudson River
59%
city Providence
59%
mountainrange Sierra Nevada Mountains
59%
city Virginia Beach
59%
city Albuquerque
58%
city Birmingham
58%
city Raleigh
58%
city Madison
57%
bay Bering Sea
56%
city Wichita
55%
city Louisville
54%
city Fairbanks
53%
nationalpark Grand Canyon National Park
52%
city Newark
52%
city Sioux Falls
52%
city Bismarck
51%
city Fresno
51%
city Spokane
51%
island Florida Keys
50%
other Mt. Rushmore National Monument
50%
bay Chesapeake Bay
49%
mountainrange Cascade Mountains
48%
reservation Navajo Reservation
48%
island O'ahu
48%
river Potomac River
48%
city Rochester
48%
river Snake River
48%
mountainrange Ozark Plateau
47%
mountain Mauna Kea
46%
mountain Mt. Rainier
46%
bay Puget Sound
46%
city Atlantic City
44%
island Cape Cod Peninsula
43%
city Concord
43%
nationalpark Death Valley National Park
43%
bay Delaware Bay
43%
city Duluth
43%
lake Lake Tahoe
42%
river Yukon River
42%
city Burlington
41%
river Tennessee River
41%
city Chattanooga
40%
island Olympic Peninsula
40%
city Wilmington
40%
city Shreveport
38%
island Maui
37%
island Aleutian Islands
36%
bay Tampa Bay
36%
city Casper
34%
nationalpark Badlands National Park
33%
city Cedar Rapids
33%
mountain Mt. Whitney
33%
nationalpark Glacier National Park
31%
city Bend
30%
island Delmarva Peninsula
30%
nationalpark Great Smoky Mountain National Park
30%
city Hilo
30%
lake Lake Okeechobee
30%
river Connecticut River
28%
mountainrange Adirondack Mountain Range
27%
island Kodiak Island
27%
nationalpark Big Bend National Park
26%
lake Crater Lake
26%
city Fort Collins
26%
city Greenville
26%
lake Lake Champlain
25%
river Platte River
25%
other Four Corners National Monument
24%
city Kalamazoo
24%
bay Long Island Sound
24%
city Rockford
24%
bay Bay of Fundy
23%
island Martha's Vineyard
23%
bay Beaufort Sea
22%
mountainrange Black Hills
21%
nationalpark Finger Lakes National Forest
21%
lake Lake Pontchartrain
21%
nationalpark White Mountain National Forest
21%
nationalpark Isle Royale National Park
20%
nationalpark Sequoia National Park
20%
nationalpark Acadia National Park
19%
city Dodge City
19%
river Savannah River
19%
reservation Choctaw Nation
18%
bay Chukchi Sea
18%
city Lewiston
18%
city Marquette
18%
nationalpark Hot Springs National Park
17%
city Sitka
17%
city Valdosta
17%
desert Chihuahuan Desert
16%
lake Lake Mead
15%
mountainrange Brooks Range
14%
nationalpark Carlsbad Caverns National Park
14%
nationalpark Great Basin National Park
14%
island Mackinac Island
14%
mountain Mt. Jefferson
14%
mountain Mt. Mitchell
14%
nationalpark Shasta-Trinity National Forest
14%
mountainrange Alaskan Mountain Range
13%
island Door Peninsula
13%
lake Lake Winnebago
12%
mountainrange Pocono Mountains
12%
nationalpark Bryce Canyon National Park
11%
reservation Chickasaw Nation
11%
nationalpark Indiana Dunes National Park
11%
island Kenai Peninsula
11%
bay Saginaw Bay
11%
lake Salton Sea
11%
nationalpark Congaree National Park
10%
reservation Crow Indian Reservation
10%
city Natchez
10%
island San Juan Islands
10%
bay Straits of Mackinac
10%
city Waterbury
10%
nationalpark Carson National Forest
9%
bay Kauai Bay
9%
nationalpark Bighorn National Forest
8%
nationalpark Biscayne National Park
8%
other Bluegrass Region
8%
lake Lake Cayuga
8%
lake Lake of the Ozarks
8%
lake Lake Seneca
8%
mountainrange Ouachita Mountains
8%
other Pine Barrens
8%
bay Strait of Juan de Fuca
8%
nationalpark Theodore Roosevelt National Park
8%
island The Thumb
8%
nationalpark Allegheny National Forest
7%
river Kennebec River
7%
island Keweenaw Peninsula
7%
nationalpark Shawnee National Forest
7%
nationalpark Talladega National Forest
7%
nationalpark Wrangell-St. Elias National Park
7%
bay Bristol Bay
6%
nationalpark Cuyahoga Valley National Park
6%
nationalpark Guadalupe Mountains National Park
6%
nationalpark Katmai National Park
6%
nationalpark Mark Twain National Forest
6%
river Muskegon River
6%
bay Norton Sound
6%
island Seward Peninsula
6%
reservation Standing Rock Indian Reservation
6%
reservation Tohono O'Odham Nation Reservation
6%
reservation Wind River Indian Reservation
6%
bay Albemarle Sound
5%
nationalpark Hawaii Volcanos National Park
5%
nationalpark Kobuk Valley National Park
5%
lake Lake Sakakawea
5%
mountain Longs Peak
5%
nationalpark Manistee National Forest
5%
nationalpark Ottawa National Forest
5%
nationalpark Apalachicola National Forest
4%
nationalforest Daniel Boone National Forest
4%
nationalpark Flathead National Forest
4%
reservation Fort Peck Indian Reservation
4%
other Great Dismal Swamp
4%
nationalpark Hiawatha National Forest
4%
lake Lake Norman
4%
island Leelanau Peninsula
4%
nationalpark Mt. Rainier National Park
4%
mountainrange San Gabriel Mountains
4%
reservation White Earth Indian Reservation
4%
island Angle Inlet
3%
bay Appalachee Bay
3%
other Atchafalaya Basin
3%
mountain Borah Peak
3%
nationalpark Chequamegon National Forest
3%
nationalpark Chippewa National Forest
3%
mountainrange Chugach Mountain Range
3%
nationalpark Conecuh National Forest
3%
other Delaware Water Gap Recreation Area
3%
nationalpark De Soto National Forest
3%
mountain Gannett Peak
3%
nationalpark Hoosier National Forest
3%
mountain Humphreys Peak
3%
nationalpark Kisatchie National Forest
3%
lake Lake Iliamna
3%
lake Lake Moosehead
3%
lake Lake Moultrie
3%
lake Lake Quabbin
3%
nationalpark Mendocino National Forest
3%
lake Mille Lacs Lake
3%
nationalpark Ocala National Forest
3%
other Okefenokee Swamp
3%
island Padre Island
3%
nationalpark Pictured Rocks National Lakeshore
3%
island Santa Cruz Island
3%
mountainrange Santa Lucia Mountain Range
3%
lake Toledo Bend Reservoir
3%
nationalpark Uwharrie National Forest
3%
nationalpark Wayne National Forest
3%
nationalpark Croatan National Forest
2%
bay Kaiwi Bay
2%
lake Lake Carlyle
2%
island Monterey Peninsula
2%
mountain Mt. Fairweather
2%
mountain Mt. Massive
2%
nationalpark Oconee National Forest
2%
lake Sardis Lake
2%
river Susitna River
2%
other Tallgrass Prairie National Preserve
2%
nationalpark Apache-Sitgreaves National Forests
1%
island Chandeleur Islands
1%
nationalpark Davy Crockett National Forest
1%
mountain Eagles Peak
1%
nationalpark George Washington & Jefferson National Forest
1%
nationalpark Malhuer National Forest
1%
nationalpark Medicine Bow Routt National Forest
1%
bay Narragansett Bay
1%
nationalpark Ozark-St. Francis National Forest
1%
other Palo Duro Canyon State Park
1%
nationalpark Salmon-Challis National Forest
1%
other Walnut Point State Park
1%
No matching quizzes found
Score Distribution
Percent of People with Each Score
Percentile by Number Answered
Your Score History
You have not taken this quiz since the last reset